| 000 | 01009nam a2200265 i 4500 | ||
|---|---|---|---|
| 001 | bg | ||
| 245 | 0 | 0 |
_aWykaz zwierząt Polski = _bChecklist of animals of Poland.T. 5 cz.32/24 Hymenoptera - posłowie / _cpod red. Józefa Razowskiego ; Polska Akademia Nauk. Instytut Systematyki i Ewolucji Zwierząt ; [aut. Zygmunt Bocheński et al.]. |
| 246 | 1 | 1 | _aChecklist of animals of Poland |
| 260 |
_aKraków : _bISiEZ PAN, _c1997. |
||
| 300 |
_a260 s. ; _c24 cm. |
||
| 500 | _aTekst równol. pol., ang. | ||
| 504 | _aBibliogr. przy rozdz. - Indeks. | ||
| 650 | 9 |
_aOwady _xsystematyka _zPolska |
|
| 650 | 9 |
_aZwierzęta _xsystematyka _zPolska |
|
| 700 | 1 |
_aRAZOWSKI, Józef. _eRed. |
|
| 700 | 1 | _aBCHEŃSKI, Zygmunt. | |
| 710 | 0 |
_aPolska Akademia Nauk _bInstytut Systematyki i Ewolucji Zwierząt (Kraków) |
|
| 020 | _a8390718715 (t. 5) | ||
| 040 | _cBPK | ||
| 041 | 0 | _aplenla | |
| 080 | _a592/599(438)(083.8) | ||
| 920 | _a83-907187-1-5 (t. 5) | ||
| 942 | _cKS | ||
| 008 | s pl f |000 0 pol | ||
| 999 |
_c36288 _d36288 |
||
| 856 |
_uhttp://koha.tu.koszalin.pl/cgi-bin/koha/opac-detail.pl?biblionumber=36288 _yKatalog online BPK |
||